00557nam a22001697a 450000500170000001000150001702000260003203500140005803700130007208200100008524501130009526000440020827000640025230000220031670000230033870000260036120170823114117.0 aENG-119985 a9788192157962c350.00 aEN-103517 bDBAD/PUB a371.3 aQuality assurance in higher education institutions /cedited by K. Hanumantha Rao [and] P. Srinivas Subbarao aDelhibParamount Publishing Housec2011 aC/14, D.S.I.D.C Work Centre, Jhilmil Colony,bDelhie100095 a176p. c24cm(pbk) aRao, K. Hanumantha aSubbarao, P. Srinivas